000 02715cam a2200277 4500500
005 20251228075717.0
041 _afre
042 _adc
100 1 0 _aLe Goff, Jean-François
_eauthor
245 0 0 _aThérapeutique de la parentification : une vue d'ensemble
260 _c2005.
500 _a96
520 _aCet article se propose de réévaluer l’intérêt de la notion de parentification, l’une des plus anciennes notions de la thérapie familiale systémique, à la lumière de travaux récents. Pour cela il aborde la définition de la parentification, ses conséquences sur les membres de la famille et les propositions thérapeutiques basées sur les thérapies familiales systémiques, les théories de l’attachement et des relations d’objet. Une situation clinique de parentifica-tion dans une famille monoparentale est présentée. La thérapeutique de la parentification peut ouvrir la voie de relations désaliénées entre parents et enfants.
520 _aParentification and deparentification: an overview.This article focuses on the recent developments on parentification, one of the oldest notions of the systemic family therapy. Definition of parentifi-cation, impacts of parentification and process of deparentification are studied from several views based on systemic family therapy, object-relations theory and attachment theory. A case study on parentification within one-parent family is offered. The process of deparentification opens the way to more secure relations between parents and children.
520 _aParentificación y deparentificación: una vista de conjunto.Este artículo propone une reevaluación del interés de la noción de parentificación que es una de la nociones más antiguas de la terapía familiar, a través de investigaciones recientes. Para eso aborda la definición de la parentificación, sus consecuancias sobre los miembros de la familia y proposiciones terapeúticas basadas sobre las terapías familiares sistémicas, las teorias del apergamiento y de las relaciones de objeto. Presentamos una situación clinica de parentificación en una familia monoparental. La terapeútica de la parentificación puede permitir una relación más segurizante entre padres e hijos.
690 _aAttachement
690 _aParentification
690 _aRelation d'objet
690 _aThérapie familiale systémique
690 _aAttachment
690 _aObject relationship
690 _aParentification
690 _aSystemic family therapy
786 0 _nThérapie Familiale | 26 | 3 | 2005-09-01 | p. 285-298 | 0250-4952
856 4 1 _uhttps://shs.cairn.info/revue-therapie-familiale-2005-3-page-285?lang=fr&redirect-ssocas=7080
999 _c1598142
_d1598142